Vista normal
Vista MARC
Entrada Materia (personas)
Número de registros utilizados en: 1
001 - CONTROL NUMBER
- control field: 188721
003 - CONTROL NUMBER IDENTIFIER
- control field: Co-BoUCM
005 - DATE AND TIME OF LATEST TRANSACTION
- control field: 20260422101402.0
008 - FIXED-LENGTH DATA ELEMENTS
- fixed length control field: 260422|| aca||aabn | a|a d
040 ## - CATALOGING SOURCE
- Original cataloging agency: Co-BoUCM
- Transcribing agency: Co-BoUCM
100 ## - HEADING--PERSONAL NAME
- Personal name: Yanagi, Soetsu,
- Dates associated with a name: 889-1961
670 ## - SOURCE DATA FOUND
- Source citation: Work cat.: (Co-BoUCM)326276: Yanagi, Soetsu, 889-1961, El artesano anónimo : $b una visión japonesa de la belleza /, 2025